|
|
|
|
| LEADER |
00846nam a2200253 a 4500 |
| 001 |
000426400 |
| 003 |
CZ BrMZK |
| 005 |
20230113142919.0 |
| 007 |
ta |
| 008 |
010907s1985 ru f 000 0 rus d |
| 040 |
|
|
|a BOA001
|b cze
|
| 041 |
1 |
|
|a rus
|h eng
|
| 080 |
|
|
|a 537.311.322
|2 MRF
|
| 100 |
1 |
|
|a Bourgoin, Jacques,
|d 1938-
|7 skuk0001788
|4 aut
|
| 245 |
1 |
0 |
|a Točečnyje defekty v poluprovodnikach.
|n [2.],
|p Èksperimental‘nyje aspekty /
|c Ž. Burguen, M. Lanno
|
| 246 |
3 |
0 |
|a Èksperimental‘nyje aspekty
|
| 260 |
|
|
|a Moskva :
|b Mir,
|c 1985
|
| 300 |
|
|
|a 304 s.
|
| 500 |
|
|
|a Přeloženo z angličtiny
|
| 700 |
1 |
|
|a Lannoo, Michel,
|d 1942-
|7 skuk0003616
|4 aut
|
| 765 |
0 |
|
|t Experimental aspects
|9 Rusky
|
| 910 |
|
|
|a BOA001
|b 2-0898.780,2
|
| 990 |
|
|
|a BK
|
| 996 |
7 |
|
|b 2619384710
|c 2-0898.780,2
|l MZK
|r Sklad / do 1 hodiny
|n 0
|w 000426400
|u 000010
|a 1
|e BOA001
|j MZK50
|s A
|